LEADER 01565nam0 2200265 450 001 000008611 005 20090317153124.0 100 $a20071121d1898----km-y0itay50------ba 101 0 $aita 102 $aIT 105 $aa-------001yy 200 1 $aTesto di geografia per le scuole secondarie superiori$elicei, istituti tecnici, collegi militari, scuole normali$fF. M Pasanisi 205 $a2. ed. completamente riveduta, ampliata e in parte riscritta 210 $aRoma$cSocieta editrice Dante Alighieri$d1898 215 $aVII, 931 p.$cill.$d20 cm 316 $aLegatura in mezza pelle su piatti di cartone ricoperti di tela (20x14x5 cm); sul dorso A., tit. e filetti impressi in oro; ivi, inoltre, etichette con antiche segnature, etichetta con l'attuale coll. a coprire coll. del Regio Istituto Superiore Navale; imbrunimento delle carte$5UNIPARTHENOPE 317 $aSulla controguardia anteriore antiche segnature mss.: 10b i1 [n.i.]; Classe XI n. 243 Ingresso n° 4243 del Registro inventario della Regia Marina Biblioteca dipartimentale di Napoli; ivi, inoltre, etichetta di coll. dell'IUN; sul r. della c. di g. ant.: 3L-II-35 [n.i.]; LIB-III-2-18 [n.i.]; coll. dell'IUN a penna; sul front.: 10b i1 [n.i.];$5UNIPARTHENOPE 620 $aItalia$dRoma 676 $a910$v21$9Geografia e viaggi 700 1$aPasanisi,$bFrancesco Maria$0630690 801 0$aIT$bUNIPARTHENOPE$c20071121$gRICA$2UNIMARC 912 $a000008611 951 $aBORB-L-41$b4243$cFB$d2007 996 $aTesto di geografia per le scuole secondarie superiori$91204778 997 $aUNIPARTHENOPE LEADER 02863 am 2200505 n 450 001 9910330709403321 005 20190522 010 $a2-7574-2189-1 024 7 $a10.4000/books.septentrion.50917 035 $a(CKB)4100000008710892 035 $a(FrMaCLE)OB-septentrion-50917 035 $a(oapen)https://directory.doabooks.org/handle/20.500.12854/50760 035 $a(PPN)237719673 035 $a(EXLCZ)994100000008710892 100 $a20190710j|||||||| ||| 0 101 0 $afre 135 $auu||||||m|||| 181 $ctxt$2rdacontent 182 $cc$2rdamedia 183 $acr$2rdacarrier 200 10$aJacob Bernays. Un homme entre deux mondes /$fJean Bollack 210 $aVilleneuve d'Ascq $cPresses universitaires du Septentrion$d2019 215 $a1 online resource (120 p.) 311 $a2-85939-569-5 330 $aJacob Bernays (1824-1881), lettré autant que philologue, fut un grand découvreur. À Bonn où il enseigna, il eut, entre autres élèves, Nietzsche et Wilamowitz. C?est une des figures les plus fascinantes de l?histoire des lettres. Exclu par ses origines juives et par son ascétisme de l?institution, et, du même coup, de la folie d?une productivité scientiste effrénée, qui emportait le siècle, il est resté fidèle aux idées qui avaient justifié les Lumières. Il fit fructifier cette extériorité dans une recherche fondatrice, à la fois savante et ouverte. Ce livre, écrit par un helléniste d?aujourd?hui, se veut le portrait de son ?uvre : il saisit la nouveauté de ses points de vue - sur le sens de la katharsis dans la Poétique d?Aristote, sur l?importance des présocratiques, sur les voies croisées de la philosophie religieuse des juifs et des chrétiens, sur leurs mentalités et leurs rites-, en captant cette nouveauté dans le jaillissement de la découverte, au moment où ces vues se sont exprimées, avec leurs blocages, leurs promesses, leurs déviances latentes, ponctuelles ou définitives. L?histoire juge l?histoire, dans un débat passionné avec le passé, et montre ce qui allait être, mais aussi ce qui aurait pu être. 606 $aClassical philology$xStudy and teaching$zGermany$xHistory$y19th century 606 $aPhilologists$zGermany$vBiography 606 $aClassicists$zGermany$vBiography 610 $aphilosophie 610 $abiographie 610 $ajudéité 610 $aphilologue 615 0$aClassical philology$xStudy and teaching$xHistory 615 0$aPhilologists 615 0$aClassicists 676 $a409/.2 676 $aB 700 $aBollack$b Jean$045035 701 $aBollack$b Jean$045035 701 $aSchlesier$b Renate$01233475 801 0$bFR-FrMaCLE 906 $aBOOK 912 $a9910330709403321 996 $aJacob Bernays. Un homme entre deux mondes$93032758 997 $aUNINA